000 00314nam a2200133Ia 4500
008 230818s1985 xx 000 0 und d
041 _aeng
100 _aWinton
245 _aTheory of catering
260 _bArnold Publishers
_c1985
300 _a438p
520 _aGeneral | Hard Board
999 _c853600
_d853600
650 _aFood Safety